| 000 | 00668nam a22002177a 4500 | ||
|---|---|---|---|
| 003 | OSt | ||
| 005 | 20251211082109.0 | ||
| 008 | 251211b |||||||| |||| 00| 0 eng d | ||
| 020 | _a0278402208 | ||
| 040 |
_aDWCL - Main _cOC |
||
| 082 | _aCirc. 372.83 K5 1979 | ||
| 100 |
_aKing, David C. _eAuthor |
||
| 245 |
_aEnvironments / _cDavid C. King [and two others] |
||
| 260 |
_aNew York: _bLitton Educational Publishing, Inc., _cc1979 |
||
| 300 |
_aviii, 342 p.: _bill.; _c26 cm. |
||
| 504 | _aIncludes glossary and index. | ||
| 650 | _a1. Social Studies. | ||
| 700 |
_aI. Weisman, Jay L. _eAuthor |
||
| 700 |
_aII. Wheeler, Ronald _eAuthor |
||
| 942 |
_2ddc _cBK-CIRC _n0 |
||
| 999 |
_c7051 _d7051 |
||